[Event "29ème Open International d'Echecs d'Avoi"]
[Site "Avoine"]
[Date "2014.07.19"]
[Round "4.29"]
[White "Julien, Jules-Alois"]
[Black "Devallee, Jeremie"]
[Result "0-1"]
[WhiteElo "2013"]
[BlackElo "2169"]
[PlyCount "60"]
[EventDate "2014.??.??"]

1. d4 Nf6 2. c4 a6 3. Nc3 c5 4. d5 b5 5. cxb5 axb5 6. Nxb5 Ba6 7. Nc3 g6 8. d6
e6 9. e4 Qa5 10. Qf3 Bg7 11. Bd2 Bxf1 12. Nd5 Qxd2+ 13. Kxd2 exd5 14. Rxf1
Nxe4+ 15. Ke2 Nc6 16. Qe3 Nd4+ 17. Kd1 Rxa2 18. Ne2 O-O 19. f3 Rxb2 20. fxe4
Rxe2 21. Qxe2 Nxe2 22. Kxe2 dxe4 23. Rb1 f5 24. Rb7 Rd8 25. Rhb1 Kf7 26. Rc7
Bd4 27. Rb6 Ke6 28. Ra6 Rb8 29. Raa7 Rb2+ 30. Kd1 Kxd6 0-1

[Event "29ème Open International d'Echecs d'Avoi"]
[Site "Avoine"]
[Date "2014.07.19"]
[Round "4.30"]
[White "Le Pen, Steven"]
[Black "Smith, Matthieu"]
[Result "0-1"]
[WhiteElo "1984"]
[BlackElo "2159"]
[PlyCount "84"]
[EventDate "2014.??.??"]

1. e4 d6 2. d4 Nf6 3. Nc3 e5 4. f4 exd4 5. Qxd4 Nc6 6. Bb5 Bd7 7. Bxc6 Bxc6 8.
Nf3 g6 9. Be3 Bg7 10. O-O-O O-O 11. Qd3 Re8 12. Nd2 Qe7 13. Rhe1 Nxe4 14. Bd4
f5 15. Bxg7 Kxg7 16. g4 Qf6 17. g5 Qf7 18. Qd4+ Kg8 19. Ndxe4 fxe4 20. Nd5 Bxd5
21. Qxd5 Qxd5 22. Rxd5 Re6 23. Kd2 c6 24. Rd4 d5 25. Ke3 Kf7 26. Red1 Rd8 27.
c4 Red6 28. h4 Ke6 29. c5 R6d7 30. Rb4 Kf5 31. Rbd4 Re7 32. Rb4 Red7 33. Rbd4
Ke6 34. h5 b6 35. cxb6 axb6 36. b4 c5 37. bxc5 bxc5 38. Ra4 Kf5 39. Ra5 d4+ 40.
Ke2 Kxf4 41. Rxc5 d3+ 42. Ke1 e3 0-1

[Event "29ème Open International d'Echecs d'Avoi"]
[Site "Avoine"]
[Date "2014.07.19"]
[Round "4.31"]
[White "Bizovi, Mihai"]
[Black "Durand-Le Ludec, Brendan-Budok"]
[Result "1-0"]
[WhiteElo "2157"]
[BlackElo "1983"]
[PlyCount "97"]
[EventDate "2014.??.??"]

1. d4 Nf6 2. c4 e6 3. Nc3 d5 4. cxd5 exd5 5. Bg5 Be7 6. e3 c6 7. Bd3 O-O 8. Nf3
Nbd7 9. h3 Re8 10. O-O Nf8 11. Qc2 Ng6 12. Bxf6 Bxf6 13. b4 a6 14. Rab1 Be7 15.
Na4 Bd6 16. Rfc1 Rb8 17. Bf5 Bxf5 18. Qxf5 Re6 19. Nc5 Re7 20. a4 Nf8 21. Qd3
Bxc5 22. bxc5 Qa5 23. Nd2 Qc7 24. Rb4 Qc8 25. Rcb1 g6 26. R1b2 Kg7 27. Qb1 f5
28. Nf3 Ne6 29. Rb6 f4 30. Rxa6 Ra8 31. Rxa8 Qxa8 32. Qc2 Qa5 33. Rb1 Kf6 34.
e4 dxe4 35. Qxe4 Qc7 36. Qd3 Rd7 37. Re1 Rd5 38. Qe4 Ng5 39. Nxg5 Kxg5 40. Qe8
Qg7 41. Re7 Qxd4 42. Rxh7 Qxc5 43. h4+ Kf5 44. Rf7+ Kg4 45. Qe6+ Kxh4 46. Qxg6
Qc1+ 47. Kh2 Rg5 48. Rh7+ Kg4 49. f3# 1-0

[Event "29ème Open International d'Echecs d'Avoi"]
[Site "Avoine"]
[Date "2014.07.19"]
[Round "4.32"]
[White "Van Gils, Martin"]
[Black "Cau, Benjamin"]
[Result "1/2-1/2"]
[WhiteElo "1980"]
[BlackElo "2148"]
[PlyCount "92"]
[EventDate "2014.??.??"]

1. Nf3 Nf6 2. g3 d5 3. Bg2 g6 4. O-O Bg7 5. d4 O-O 6. c4 c6 7. b3 Be6 8. Nbd2
Na6 9. Bb2 Rc8 10. Ng5 Bf5 11. f3 h6 12. Nh3 c5 13. e4 dxe4 14. fxe4 Bg4 15.
Qc1 e5 16. d5 Ne8 17. Nf2 Bd7 18. Nf3 Qe7 19. Nd3 f6 20. Qe3 Nd6 21. a4 Kh7 22.
Rae1 b6 23. h3 Nc7 24. g4 Rfd8 25. Qf2 Nce8 26. Qg3 Nf7 27. h4 Ned6 28. g5 Re8
29. gxf6 Bxf6 30. Nf2 a6 31. Bh3 Bxh3 32. Qxh3 h5 33. Nd1 Nh6 34. Bc1 Nhf7 35.
Nc3 Rb8 36. Be3 Rb7 37. Re2 Rg8 38. Rg2 Rc7 39. Kh1 Qd7 40. Qxd7 Rxd7 41. Kh2
Rb7 42. Kh3 Rc8 43. Rfg1 Rg8 44. Rf1 Rc8 45. Rfg1 Rg8 46. Rf1 Rc8 1/2-1/2

[Event "29ème Open International d'Echecs d'Avoi"]
[Site "Avoine"]
[Date "2014.07.19"]
[Round "4.33"]
[White "Burri, Quentin"]
[Black "Louis-Sidois, Charles"]
[Result "1-0"]
[WhiteElo "2135"]
[BlackElo "1946"]
[PlyCount "44"]
[EventDate "2014.??.??"]

1. e4 g6 2. d4 Bg7 3. Nc3 c5 4. Nf3 Qa5 5. Be2 cxd4 6. Nxd4 Nc6 7. Nxc6 Bxc3+
8. bxc3 Qxc3+ 9. Bd2 Qxc6 10. O-O e5 11. Bb4 Ne7 12. Re1 Qf6 13. Bd6 O-O 14.
Rf1 Re8 15. Bc4 Nc6 16. f4 exf4 17. Rxf4 Qd4+ 18. Qxd4 Nxd4 19. Bxf7+ Kg7 20.
Bxe8 Ne2+ 21. Kh1 Nxf4 22. Bxf4 Kf8 1-0

[Event "29ème Open International d'Echecs d'Avoi"]
[Site "Avoine"]
[Date "2014.07.19"]
[Round "4.34"]
[White "Francois, Adrien"]
[Black "Dubois, Pierre"]
[Result "1-0"]
[WhiteElo "1733"]
[BlackElo "2124"]
[PlyCount "162"]
[EventDate "2014.??.??"]

1. e4 e5 2. Nf3 Nc6 3. d4 exd4 4. Bc4 Nf6 5. e5 d5 6. Bb5 Ne4 7. Nxd4 Bd7 8.
Bxc6 bxc6 9. O-O Bc5 10. f3 Ng5 11. f4 Ne4 12. Be3 O-O 13. Nd2 Nxd2 14. Qxd2
Qe7 15. Rae1 Bb6 16. f5 Qxe5 17. Nxc6 Qf6 18. Bxb6 Qxc6 19. Bd4 f6 20. b4 a6
21. Bc5 Rfe8 22. Be7 Qc4 23. Rf4 Qxa2 24. Qc3 Qa4 25. Qg3 Kf7 26. Qf3 Qc6 27.
Qh5+ Kg8 28. Rh4 h6 29. Rg4 Bxf5 30. Qxf5 Qc3 31. Qxd5+ Kh8 32. Rge4 Rac8 33.
Qf7 Rg8 34. Bc5 Qxc2 35. Re7 Rcd8 36. Rd7 Qc3 37. Red1 Rde8 38. Re7 Qc2 39.
Rde1 Rd8 40. R7e2 Rd2 41. Rxd2 Qxd2 42. Rf1 Qd8 43. Qe6 Qc8 44. Qxc8 Rxc8 45.
Ra1 Ra8 46. Kf2 Kg8 47. Kf3 Kf7 48. Ke4 Ke6 49. Re1 f5+ 50. Kf4+ Kf6 51. Bd4+
Kf7 52. Rc1 Ke6 53. Bxg7 Rb8 54. Rc4 Rg8 55. Rxc7 Rb8 56. Bc3 Rg8 57. Rg7 Rc8
58. Bd4 Rc4 59. Ke3 f4+ 60. Kd3 Rxb4 61. Bc3 Rb8 62. Rg6+ Kf5 63. Rxa6 h5 64.
Ra5+ Kg4 65. Be1 Rd8+ 66. Ke2 f3+ 67. gxf3+ Kh3 68. Rxh5+ Kg2 69. f4 Re8+ 70.
Re5 Rf8 71. Bg3 Ra8 72. Rd5 Kh3 73. Ke3 Kg4 74. Kd4 Ra1 75. Ke5 Re1+ 76. Kf6
Rb1 77. f5 Kh5 78. Ke6 Kh6 79. f6 Kg6 80. f7 Kg7 81. Rg5+ Kh7 1-0

[Event "29ème Open International d'Echecs d'Avoi"]
[Site "Avoine"]
[Date "2014.07.19"]
[Round "4.35"]
[White "Goettelmann, Guillaume"]
[Black "Dreux, Vincent"]
[Result "1-0"]
[WhiteElo "2119"]
[BlackElo "1935"]
[PlyCount "75"]
[EventDate "2014.??.??"]

1. d4 d5 2. c4 c6 3. Nf3 Nf6 4. Nbd2 e6 5. g3 Be7 6. Bg2 O-O 7. O-O Nbd7 8. Qc2
b6 9. e4 dxe4 10. Nxe4 Bb7 11. Rd1 Nxe4 12. Qxe4 Nf6 13. Qe2 Qc7 14. Bf4 Bd6
15. Bxd6 Qxd6 16. Ne5 Rab8 17. Rac1 c5 18. dxc5 Qxc5 19. Bxb7 Rxb7 20. Nd3 Qg5
21. b4 Rc7 22. Rc2 Rfc8 23. Rdc1 Qf5 24. c5 Nd5 25. cxb6 axb6 26. Rxc7 Rxc7 27.
Rxc7 Nxc7 28. Qc2 Ne8 29. a4 Qd5 30. Nf4 Qd6 31. a5 Qxb4 32. Qc6 Kf8 33. axb6
Qd6 34. Qb5 Qb8 35. Nd3 Nd6 36. Qc5 Ke8 37. Ne5 f5 38. Nc6 1-0

[Event "29ème Open International d'Echecs d'Avoi"]
[Site "Avoine"]
[Date "2014.07.19"]
[Round "4.36"]
[White "Adam, Flavia"]
[Black "Dutreuil, Raphael"]
[Result "0-1"]
[WhiteElo "1479"]
[BlackElo "2118"]
[PlyCount "82"]
[EventDate "2014.??.??"]

1. d4 Nf6 2. c4 c6 3. Nc3 d5 4. Bf4 e6 5. Nf3 dxc4 6. a4 Bb4 7. Bd2 O-O 8. e3
b5 9. axb5 Bxc3 10. Bxc3 cxb5 11. g3 Bb7 12. Bg2 a5 13. Rc1 Nbd7 14. O-O Qe7
15. Ra1 b4 16. Bd2 Nb6 17. Qe2 Rfc8 18. Rfc1 a4 19. Ne5 Bxg2 20. Kxg2 Ne4 21.
Be1 c3 22. bxc3 b3 23. Nd3 a3 24. Rcb1 b2 25. Nxb2 axb2 26. Qxb2 Rxa1 27. Rxa1
Nc4 28. Qb3 h5 29. Ra4 Qc7 30. Ra2 Qc6 31. Kg1 Ng5 32. h4 Nf3+ 33. Kf1 Qe4 34.
Qc2 Qg4 35. Qd3 Qh3+ 36. Ke2 Ng1+ 37. Kd1 Qg4+ 38. Kc2 Nf3 39. Qd1 Qe4+ 40. Kc1
Rb8 41. Ra1 Rb2 0-1

[Event "29ème Open International d'Echecs d'Avoi"]
[Site "Avoine"]
[Date "2014.07.19"]
[Round "4.37"]
[White "Aubry, Yannis"]
[Black "Lukasiewicz, Aleksander"]
[Result "1-0"]
[WhiteElo "2255"]
[BlackElo "1933"]
[PlyCount "59"]
[EventDate "2014.??.??"]

1. c4 e6 2. Nc3 d5 3. d4 Nf6 4. cxd5 exd5 5. Bf4 Bd6 6. Bxd6 Qxd6 7. e3 O-O 8.
Bd3 Nbd7 9. Nge2 c6 10. Ng3 Re8 11. O-O Nf8 12. Nf5 Qd8 13. b4 Ne4 14. Bxe4
dxe4 15. Ng3 f5 16. b5 Qa5 17. Rc1 cxb5 18. Qb3+ Be6 19. Qxb5 Qb6 20. d5 Bd7
21. Qb3 Rec8 22. Qa3 Ng6 23. d6 Ne5 24. Nd5 Qd8 25. Ne7+ Kh8 26. Nxc8 Rxc8 27.
Rxc8 Bxc8 28. Qc3 Nd3 29. Nh5 Qf8 30. Nxg7 1-0

[Event "29ème Open International d'Echecs d'Avoi"]
[Site "Avoine"]
[Date "2014.07.19"]
[Round "4.38"]
[White "Delinotte, Mathieu"]
[Black "Gerard, Nicolas"]
[Result "0-1"]
[WhiteElo "1870"]
[BlackElo "2251"]
[PlyCount "80"]
[EventDate "2014.??.??"]

1. e4 c5 2. Nf3 d6 3. c3 Nf6 4. h3 g6 5. Bd3 Bg7 6. Bc2 b6 7. O-O O-O 8. d3 Bb7
9. Be3 Nc6 10. Nbd2 e5 11. Ne1 Nh5 12. Bb3 Na5 13. Bd5 Bxd5 14. exd5 f5 15.
Ndf3 h6 16. Qc2 Kh7 17. Kh2 Qd7 18. c4 Rae8 19. Bd2 Nb7 20. Bc3 Nd8 21. a4 Nf7
22. Nd2 Rg8 23. g3 Rgf8 24. Kg2 Nf6 25. f3 g5 26. f4 exf4 27. gxf4 g4 28. Bxf6
Bxf6 29. hxg4 Re2+ 30. Kg3 Rg8 31. g5 Nxg5 32. fxg5 Rxg5+ 33. Kf3 Qe7 34. Ne4
Rxc2 35. Nxg5+ hxg5 36. Rh1+ Kg6 37. Nxc2 g4+ 38. Kf2 Bh4+ 39. Kf1 f4 40. Rd1
f3 0-1

[Event "29ème Open International d'Echecs d'Avoi"]
[Site "Avoine"]
[Date "2014.07.19"]
[Round "4.39"]
[White "Leloutre, Bernard"]
[Black "Eden, James"]
[Result "0-1"]
[WhiteElo "1861"]
[BlackElo "2207"]
[PlyCount "80"]
[EventDate "2014.??.??"]

1. c4 e5 2. Nc3 Nf6 3. Nf3 Nc6 4. e4 Bc5 5. Nxe5 Nxe5 6. d4 Bb4 7. dxe5 Nxe4 8.
Qd4 Nxc3 9. bxc3 Be7 10. c5 O-O 11. Ba3 Re8 12. O-O-O c6 13. Kb1 b6 14. Bc4
bxc5 15. Bxc5 Bxc5 16. Qxc5 Qb6+ 17. Qxb6 axb6 18. f4 Kf8 19. Rhf1 Ke7 20. g3
Ba6 21. Bxa6 Rxa6 22. Rf2 Ra3 23. Rd3 Rea8 24. Rfd2 R8a7 25. c4 R3a4 26. Rb3
Rxc4 27. Rxb6 f6 28. exf6+ gxf6 29. Rb8 d5 30. Rb3 d4 31. a3 Kd6 32. Kb2 Kd5
33. Rdd3 Re7 34. Rd2 f5 35. Rb6 c5 36. Rf6 Rc3 37. Rxf5+ Kc4 38. Re5 Rb7+ 39.
Ka2 Ra7 40. Ree2 Rcxa3+ 0-1

[Event "29ème Open International d'Echecs d'Avoi"]
[Site "Avoine"]
[Date "2014.07.19"]
[Round "4.40"]
[White "Le Goff, Ronan"]
[Black "Tomasi, Albert"]
[Result "0-1"]
[WhiteElo "2198"]
[BlackElo "1846"]
[PlyCount "44"]
[EventDate "2014.??.??"]

1. e4 d5 2. exd5 Nf6 3. d4 Bg4 4. Nf3 Qxd5 5. Be2 Nc6 6. O-O O-O-O 7. c4 Qd7 8.
d5 Bxf3 9. gxf3 Ne5 10. Be3 Qh3 11. Nd2 e6 12. Re1 exd5 13. Bf1 Qh4 14. Bxa7
Bd6 15. Qc2 Nc6 16. Qf5+ Rd7 17. Bh3 g6 18. Qc2 Qxh3 19. Nf1 Nxa7 20. Qc3 d4
21. Qa5 Nc6 22. Qg5 Qf5 0-1

[Event "29ème Open International d'Echecs d'Avoi"]
[Site "Avoine"]
[Date "2014.07.19"]
[Round "4.41"]
[White "Goupil, Arnaud"]
[Black "Afraoui, Anaelle"]
[Result "0-1"]
[WhiteElo "2126"]
[BlackElo "1838"]
[PlyCount "60"]
[EventDate "2014.??.??"]

1. d4 d5 2. Nf3 Nf6 3. c4 c6 4. Nc3 dxc4 5. a4 Bg4 6. Ne5 Bf5 7. Nxc4 e6 8. Qb3
Qc7 9. Bf4 Qxf4 10. Qxb7 Ne4 11. Nxe4 Qxe4 12. Nd2 Qxd4 13. e3 Qb6 14. Qxa8 Bb4
15. O-O-O Bxd2+ 16. Rxd2 O-O 17. Bd3 Bxd3 18. Rxd3 Na6 19. a5 Qc7 20. Qxf8+
Kxf8 21. Rhd1 Qxa5 22. Rd8+ Ke7 23. R1d7+ Kf6 24. Ra8 Qc5+ 25. Kd2 Nb4 26. Ke2
Qc2+ 27. Kf3 Nd3 28. Kg3 Qxf2+ 29. Kh3 Qxe3+ 30. g3 Nf4+ 0-1

[Event "29ème Open International d'Echecs d'Avoi"]
[Site "Avoine"]
[Date "2014.07.19"]
[Round "4.42"]
[White "Caille, Vincent"]
[Black "Leveque, Franck"]
[Result "1-0"]
[WhiteElo "2113"]
[BlackElo "1817"]
[PlyCount "67"]
[EventDate "2014.??.??"]

1. e4 c5 2. Nc3 e6 3. Nge2 Nc6 4. g3 Be7 5. Bg2 Nf6 6. O-O d6 7. h3 a6 8. f4
Qc7 9. a4 Rb8 10. d3 b5 11. axb5 axb5 12. Be3 b4 13. Na4 Nd7 14. g4 Nb6 15.
Nxb6 Qxb6 16. f5 h6 17. Nf4 Bf6 18. Rb1 O-O 19. Nh5 Bd4 20. Bxd4 Nxd4 21. f6 g6
22. Qd2 Kh7 23. Ng3 e5 24. g5 Ne6 25. gxh6 Nf4 26. Kh2 Be6 27. Ne2 Nxe2 28.
Qxe2 Rg8 29. Bf3 Qc6 30. Bg4 Qd7 31. Kg3 Kxh6 32. Ra1 Ra8 33. Qd2+ Kh7 34. Qg5
1-0

[Event "29ème Open International d'Echecs d'Avoi"]
[Site "Avoine"]
[Date "2014.07.19"]
[Round "4.43"]
[White "Potaux, Olivier"]
[Black "Vidal, Llewellyn"]
[Result "0-1"]
[WhiteElo "1851"]
[BlackElo "2102"]
[PlyCount "72"]
[EventDate "2014.??.??"]

1. d4 Nf6 2. Bf4 g6 3. e3 Bg7 4. Nd2 O-O 5. Ngf3 d6 6. h3 Nbd7 7. Bc4 b6 8. O-O
Bb7 9. Qe2 Qe8 10. Bh2 e5 11. dxe5 dxe5 12. e4 a6 13. b4 Qe7 14. a3 Nh5 15.
Rfe1 Rfe8 16. Bb3 Nf4 17. Qc4 Ne6 18. c3 c5 19. Qd3 b5 20. Bd5 c4 21. Qc2 Bxd5
22. exd5 Nc7 23. Rad1 Nxd5 24. Nxc4 Nxb4 25. axb4 bxc4 26. Rd5 Nb6 27. Rc5 f6
28. Rc6 Qb7 29. Rd6 Red8 30. Red1 Qc7 31. Qd2 Rxd6 32. Qxd6 Qxd6 33. Rxd6 Na4
34. Rc6 Nxc3 35. Rxc4 Nd5 36. Ne1 Bf8 0-1

[Event "29ème Open International d'Echecs d'Avoi"]
[Site "Avoine"]
[Date "2014.07.19"]
[Round "4.44"]
[White "Bouvet, Florian"]
[Black "Sally, Paul-Adrien"]
[Result "1-0"]
[WhiteElo "1854"]
[BlackElo "2081"]
[PlyCount "85"]
[EventDate "2014.??.??"]

1. e4 c6 2. d4 d5 3. Nc3 dxe4 4. Nxe4 Nf6 5. Nxf6+ gxf6 6. Nf3 Bf5 7. Bd3 Bg6
8. Bf4 e6 9. c3 Qb6 10. O-O Nd7 11. b4 a5 12. a3 Be7 13. Qe2 O-O 14. Nh4 Bxd3
15. Qxd3 f5 16. Nf3 Rfc8 17. Ne5 Nxe5 18. Bxe5 f6 19. Bf4 axb4 20. axb4 Rxa1
21. Rxa1 Qd8 22. Qg3+ Kf7 23. Bh6 Qg8 24. Bf4 Qxg3 25. Bxg3 Rd8 26. Ra7 Rd7 27.
Kf1 Bf8 28. Bf4 Bg7 29. g3 e5 30. Be3 Bf8 31. Ke2 Ke6 32. dxe5 fxe5 33. f4 e4
34. Bd4 Kd5 35. Be5 c5 36. Ra8 Be7 37. bxc5 Bxc5 38. Rc8 b5 39. h3 Ra7 40.
Rxc5+ Kxc5 41. Bd4+ Kc4 42. Bxa7 Kxc3 43. g4 1-0

[Event "29ème Open International d'Echecs d'Avoi"]
[Site "Avoine"]
[Date "2014.07.19"]
[Round "4.45"]
[White "Gomes, Alexis"]
[Black "Batteux, Mickael"]
[Result "0-1"]
[WhiteElo "1824"]
[BlackElo "2077"]
[PlyCount "54"]
[EventDate "2014.??.??"]

1. d4 Nf6 2. Nf3 c5 3. d5 b5 4. Bg5 d6 5. a4 b4 6. e3 Nbd7 7. a5 g6 8. Bc4 Bg7
9. Nbd2 O-O 10. O-O Ng4 11. Ra2 Nde5 12. Bb3 Ba6 13. Re1 Rc8 14. Nxe5 Nxe5 15.
f4 c4 16. Ba4 b3 17. cxb3 Nd3 18. bxc4 Nxe1 19. Qxe1 Bxc4 20. Nxc4 Rxc4 21. Bb5
Rc2 22. Qb1 Qc8 23. Bc6 Qf5 24. Qf1 Rb8 25. h3 Qe4 26. Qf3 Rc1+ 27. Kh2 Qb1 0-1

[Event "29ème Open International d'Echecs d'Avoi"]
[Site "Avoine"]
[Date "2014.07.19"]
[Round "4.46"]
[White "De Lussac, Estephe"]
[Black "Delalande, Thierry"]
[Result "1/2-1/2"]
[WhiteElo "1843"]
[BlackElo "2077"]
[PlyCount "59"]
[EventDate "2014.??.??"]

1. e4 b6 2. d4 Bb7 3. Bd3 e6 4. Nf3 c5 5. O-O cxd4 6. Nxd4 Nc6 7. Nb3 Nf6 8. f4
d6 9. Qe2 Qc7 10. Nc3 a6 11. Be3 Be7 12. Rae1 Nb4 13. Nd2 d5 14. e5 Nd7 15. a3
Nxd3 16. cxd3 O-O 17. d4 b5 18. Rc1 Qb6 19. f5 exf5 20. Rxf5 Qe6 21. Rh5 g6 22.
Rh3 f6 23. Bh6 Rf7 24. exf6 Qxe2 25. Nxe2 Nxf6 26. Rc7 Bc8 27. Re3 Bd6 28. Rc6
Bf8 29. Bg5 Bg7 30. Bxf6 1/2-1/2

[Event "29ème Open International d'Echecs d'Avoi"]
[Site "Avoine"]
[Date "2014.07.19"]
[Round "4.47"]
[White "Costa, Pierre-Jean"]
[Black "Fruteau, Sabine"]
[Result "0-1"]
[WhiteElo "1813"]
[BlackElo "2065"]
[PlyCount "84"]
[EventDate "2014.??.??"]

1. e4 d5 2. exd5 Qxd5 3. Nc3 Qd6 4. d4 Nf6 5. Nf3 a6 6. h3 e6 7. a4 c5 8. Be3
cxd4 9. Qxd4 Qxd4 10. Bxd4 Be7 11. Bd3 Nc6 12. Be3 O-O 13. O-O Nd5 14. Nxd5
exd5 15. c3 Be6 16. Rfe1 Bf6 17. Ng5 g6 18. Nxe6 fxe6 19. Rad1 Rf7 20. Bc5 Re8
21. Bb1 Rd7 22. Ba2 Kf7 23. Re2 Ne7 24. Rde1 Rc8 25. Bxe7 Rxe7 26. g3 b5 27.
axb5 axb5 28. Bb3 b4 29. cxb4 Rb8 30. Bd1 Rxb4 31. b3 Bc3 32. Rf1 e5 33. f3 Ke6
34. Ra2 Kd6 35. Ra4 Kc5 36. Rxb4 Kxb4 37. Kf2 Bd4+ 38. Ke2 Kc3 39. g4 Ra7 40.
f4 e4 41. f5 Ra2+ 42. Ke1 Kd3 0-1

[Event "29ème Open International d'Echecs d'Avoi"]
[Site "Avoine"]
[Date "2014.07.19"]
[Round "4.48"]
[White "Lefebvre, Pierre"]
[Black "Davy, Bruno"]
[Result "1-0"]
[WhiteElo "2050"]
[BlackElo "1803"]
[PlyCount "81"]
[EventDate "2014.??.??"]

1. Nf3 Nf6 2. c4 e6 3. g3 d5 4. b3 c6 5. Bg2 Nbd7 6. Bb2 Bd6 7. O-O O-O 8. d3
Qc7 9. Nbd2 Ne5 10. Ne1 dxc4 11. d4 c3 12. Bxc3 Neg4 13. Nc4 Be7 14. e4 b5 15.
Nd2 e5 16. Rc1 Bb7 17. Nef3 Ba3 18. Rc2 Nd7 19. b4 a5 20. bxa5 b4 21. Ba1 Ba6
22. Nc4 Bxc4 23. Rxc4 Rxa5 24. h3 Ngf6 25. dxe5 Nxe5 26. Nxe5 Rxe5 27. Bxe5
Qxe5 28. Rxc6 Qb2 29. Qc2 Ra8 30. Rc8+ Ne8 31. Qxb2 Rxc8 32. Qb3 g6 33. Rd1 Rc3
34. Qa4 Nc7 35. e5 Kg7 36. Qa7 Rc2 37. Rd7 Rxa2 38. Qxc7 b3 39. Rxf7+ Kh6 40.
Rxh7+ Kg5 41. Qd8+ 1-0

[Event "29ème Open International d'Echecs d'Avoi"]
[Site "Avoine"]
[Date "2014.07.19"]
[Round "4.49"]
[White "Rodon, Gurvan"]
[Black "Budak, Rewi"]
[Result "1-0"]
[WhiteElo "2039"]
[BlackElo "1795"]
[PlyCount "119"]
[EventDate "2014.??.??"]

1. d4 c5 2. d5 e5 3. e4 d6 4. c4 g6 5. Nc3 Bg7 6. Be3 Ne7 7. Bd3 O-O 8. f3 Na6
9. a3 Nc7 10. Nge2 f5 11. b4 f4 12. Bf2 b6 13. Qc2 Bd7 14. Nc1 g5 15. Be2 Ng6
16. Nb3 Nh4 17. Bxh4 gxh4 18. h3 Qg5 19. Bd3 Rf6 20. b5 Rg6 21. Bf1 Ne8 22. Ne2
Bf6 23. Kd2 Bd8 24. a4 Nf6 25. Kc3 Nh5 26. Kb2 Ng3 27. Nxg3 fxg3 28. Qd2 Qh5
29. Bd3 Bg5 30. Qe2 Qh6 31. Rhe1 Qg7 32. Ra2 Rf8 33. a5 Bd8 34. axb6 Bxb6 35.
Na5 Bxh3 36. gxh3 g2 37. Rg1 Rg3 38. Nc6 Rfxf3 39. Bb1 Qd7 40. Rxg2 Qxh3 41.
Ka1 Rxg2 42. Qxg2+ Qg3 43. Ne7+ Kf7 44. Nf5 Rxf5 45. Qxg3 hxg3 46. exf5 h5 47.
Be4 Kf6 48. Bf3 h4 49. Bg4 Kg5 50. Bh3 e4 51. Kb1 e3 52. Kc1 Kf4 53. f6 Bd8 54.
f7 Be7 55. Kd1 Kf3 56. Ke1 Bf8 57. Kf1 Bg7 58. Bg2+ Kg4 59. Rxa7 h3 60. Re7 1-0

[Event "29ème Open International d'Echecs d'Avoi"]
[Site "Avoine"]
[Date "2014.07.19"]
[Round "4.50"]
[White "Lucidarme, Damien"]
[Black "Secouard, Stephane"]
[Result "0-1"]
[WhiteElo "1810"]
[BlackElo "2038"]
[PlyCount "62"]
[EventDate "2014.??.??"]

1. e4 c5 2. Nc3 Nc6 3. Bc4 e6 4. a3 Nf6 5. Ba2 d5 6. f3 Be7 7. d3 O-O 8. Nge2
b5 9. O-O c4 10. Ng3 a5 11. Kh1 Ba6 12. Nce2 cxd3 13. cxd3 b4 14. Bb1 d4 15. f4
Nd7 16. f5 Nc5 17. axb4 axb4 18. Bf4 e5 19. Bc1 b3 20. Nh5 f6 21. Rf3 g6 22.
Bh6 gxh5 23. Rg3+ Kf7 24. Ng1 Ke8 25. Bxf8 Bxf8 26. Qxh5+ Kd7 27. Qxh7+ Be7 28.
Qf7 Kc7 29. Nh3 Kb6 30. Nf2 Qc7 31. h4 Bc4 0-1